|
|
|
|
| LEADER |
00980nam a2200217 a 4500 |
| 008 |
100511s1982 bg 000 0 eng d |
| 040 |
|
|
|a DLC
|c DLC
|d DLC
|d BD-DhAAL
|
| 082 |
0 |
0 |
|a 370.193465492
|2 17
|
| 110 |
1 |
|
|a UNESCO in co-operation with the Institute of Education and Research University of Dacca, Bangladesh
|
| 245 |
1 |
0 |
|a A study on the relevance of education to work in Bangladesh
|
| 260 |
|
|
|a Paris :
|b UNESCO,
|c 1982
|
| 300 |
|
|
|a vii, 110 p. ;
|c 30 cm.
|
| 490 |
0 |
|
|a Bangladesh, no. 3
|
| 500 |
|
|
|a "September, 1981." "ED-82/WS/93."
|
| 541 |
1 |
|
|e 00002071
|
| 650 |
|
0 |
|a Education, Rural
|z Bangladesh.
|
| 650 |
|
0 |
|a Labor supply
|x Effect on education on
|z Bangladesh.
|
| 650 |
|
0 |
|a Rural development
|z Bangladesh.
|
| 852 |
4 |
|
|a Ayesha Abed Library
|j General shelf
|
| 999 |
|
|
|c 9041
|d 9041
|
| 952 |
|
|
|0 0
|1 0
|2 ddc
|4 0
|6 370_193465492000000_STU_1982
|7 0
|9 11165
|a BRACUL
|b BRACUL
|c GEN
|d 2010-06-22
|g 0.00
|l 1
|o 370.193465492 STU
|p 3010002071
|r 2018-11-29
|s 2018-11-20
|t 1
|w 2010-06-22
|y BK
|z Not price in Register
|